[Event "Sofia MGU rapid 7th"]
[Site "Sofia"]
[Date "2018.03.25"]
[Round "8"]
[White "Angelov, Georgi Ang"]
[Black "Tenev, Bogdan"]
[Result "1-0"]
[WhiteElo "1579"]
[BlackElo "1429"]
[PlyCount "53"]
[EventDate "2018.03.25"]
[EventType "swiss (rapid)"]
[EventRounds "8"]
[EventCountry "BUL"]
[SourceTitle "CBM 183 Extra"]
[Source "ChessBase"]
[SourceDate "2018.04.19"]
[SourceVersion "1"]
[SourceVersionDate "2018.04.19"]
[SourceQuality "1"]

1. d4 d5 2. c4 e6 3. Nc3 Ne7 4. Nf3 h6 5. Bf4 a6 6. e3 b6 7. a3 Bb7 8. b4 Ng6 9. Bg3 Bd6 10. Bxd6 Qxd6 11. c5 Qe7 12. Bd3 0-0 13. Qc2 Qf6 14. 0-0 Nd7 15. Ne2 e5 16. Bxg6 fxg6 17. dxe5 Nxe5 18. Nxe5 Qxe5 19. Qxg6 Rf6 20. Qg3 Qxg3 21. hxg3 b5 22. Nd4 c6 23. a4 Kf7 24. axb5 axb5 25. Rxa8 Bxa8 26. Ra1 Bb7 27. Ra7 1-0

[Event "Sofia MGU blitz 09th"]
[Site "Sofia"]
[Date "2017.11.18"]
[Round "13"]
[White "Angelov, Georgi Ang"]
[Black "Angelov, Toma"]
[Result "1-0"]
[WhiteElo "1711"]
[BlackElo "1237"]
[PlyCount "53"]
[EventDate "2017.11.18"]
[EventType "tourn (blitz)"]
[EventRounds "14"]
[EventCountry "BUL"]
[SourceTitle "EXT 2019"]
[Source "ChessBase"]
[SourceDate "2018.10.10"]
[SourceVersion "1"]
[SourceVersionDate "2018.10.10"]
[SourceQuality "1"]

1. d4 d5 2. c4 dxc4 3. e4 e6 4. Nc3 Nf6 5. Bxc4 Nc6 6. Nf3 e5 7. d5 Nb4 8. a3 Na6 9. Nxe5 Bd6 10. Nd3 Bg4 11. f3 Bh5 12. 0-0 c6 13. e5 cxd5 14. Nxd5 Bxe5 15. Nxe5 Nc5 16. Be3 b6 17. Bxc5 bxc5 18. Qa4+ Nd7 19. Nxd7 Qxd7 20. Rfe1+ Kd8 21. Qxd7+ Kxd7 22. Re7+ Kd6 23. Rae1 Rab8 24. b3 Rbd8 25. Nf4 Kc6 26. Nxh5 Rd2 27. Bxf7 1-0

[Event "Sofia MGU blitz 09th"]
[Site "Sofia"]
[Date "2017.11.18"]
[Round "10"]
[White "Angelov, Georgi Ang"]
[Black "Ivanov, Daniel"]
[Result "1-0"]
[WhiteElo "1711"]
[BlackElo "1758"]
[PlyCount "45"]
[EventDate "2017.11.18"]
[EventType "tourn (blitz)"]
[EventRounds "14"]
[EventCountry "BUL"]
[SourceTitle "EXT 2019"]
[Source "ChessBase"]
[SourceDate "2018.10.10"]
[SourceVersion "1"]
[SourceVersionDate "2018.10.10"]
[SourceQuality "1"]

1. d4 d5 2. c4 c6 3. Nc3 Nf6 4. Nf3 e6 5. Bg5 Be7 6. e3 Nbd7 7. Bd3 h6 8. Bh4 a6 9. 0-0 dxc4 10. Bxc4 b5 11. Bb3 Bb7 12. Bc2 0-0 13. e4 c5 14. e5 Nd5 15. Bxe7 Nxe7 16. Re1 c4 17. Be4 Nd5 18. Nxd5 Bxd5 19. Bxd5 exd5 20. Qc2 Qe7 21. Re2 Qe6 22. Rae1 b4 23. Nh4 1-0

[Event "BUL-chT 59th"]
[Site "Sunny Beach"]
[Date "2009.05.14"]
[Round "7.1"]
[White "Angelov, Georgi Ang"]
[Black "Mladenov, Ilian"]
[Result "0-1"]
[WhiteElo "2226"]
[BlackElo "2237"]
[PlyCount "94"]
[EventDate "2009.05.08"]
[EventType "team-tourn"]
[EventRounds "7"]
[EventCountry "BUL"]
[SourceTitle "CBM 130 Extra"]
[Source "ChessBase"]
[SourceDate "2009.07.02"]
[SourceVersion "2"]
[SourceVersionDate "2009.07.15"]
[SourceQuality "1"]
[WhiteTeam "Burgas Lukoil-Neftohimik"]
[BlackTeam "Pleven Spartak XXI"]
[WhiteTeamCountry "BUL"]
[BlackTeamCountry "BUL"]

1. e4 c5 2. Nc3 Nc6 3. g3 g6 4. Bg2 Bg7 5. d3 d6 6. Nge2 e6 7. 0-0 Nge7 8. Be3 Nd4 9. Qd2 0-0 10. f4 Rb8 11. g4 f5 12. g5 b5 13. Ng3 b4 14. Nd1 Bd7 15. Bf2 Qc7 16. c3 bxc3 17. bxc3 Qa5 18. Rc1 Nb5 19. Be3 Rfc8 20. Rf2 Qa3 21. Re2 d5 22. e5 d4 23. Bf2 dxc3 24. Nxc3 Nd4 25. Ree1 Rb2 26. Qd1 Nec6 27. Nge2 Bf8 28. Rb1 Nb4 29. Rxb2 Qxb2 30. Qb1 Qd2 31. Qd1 Nxe2+ 32. Nxe2 Qxd3 33. a3 Qxd1 34. Rxd1 Ba4 35. Rb1 Nd3 36. Be3 c4 37. Nc3 Bc2 38. Rb7 Bxa3 39. Rxa7 Bb4 40. Nb5 Nxf4 41. Nd6 Rd8 42. Bb6 Bxd6 43. exd6 Rxd6 44. Ra8+ Kf7 45. Bc5 Rd1+ 46. Bf1 Nh3+ 47. Kg2 Be4+ 0-1

[Event "BUL-chT"]
[Site "Plovdiv"]
[Date "2003.11.08"]
[Round "5"]
[White "Angelov, Georgi Ang"]
[Black "Drenchev, Petar"]
[Result "0-1"]
[WhiteElo "2220"]
[BlackElo "2431"]
[PlyCount "62"]
[EventDate "2003.11.??"]
[EventType "team"]
[EventRounds "9"]
[EventCountry "BUL"]
[SourceTitle "CBM 097 Extra"]
[Source "ChessBase"]
[SourceDate "2004.01.13"]
[SourceVersion "1"]
[SourceVersionDate "2004.01.13"]
[SourceQuality "1"]

1. c4 e5 2. Nc3 Nc6 3. a3 Nf6 4. b4 g6 5. g3 Bg7 6. Bg2 0-0 7. Rb1 d6 8. d3 h6 9. Bd2 Nh5 10. b5 Nd4 11. e3 Ne6 12. Nd5 a6 13. Qc2 axb5 14. cxb5 Rxa3 15. Bb4 Ra8 16. Rc1 Bd7 17. g4 Nf6 18. Nxf6+ Qxf6 19. Bxb7 Rab8 20. Bc6 Bxc6 21. Qxc6 Rb6 22. Qc4 Rfb8 23. Ba5 Rxb5 24. Bxc7 d5 25. Qc6 Rb2 26. Rc2 Rxc2 27. Qxc2 Nxc7 28. Qxc7 Rb1+ 29. Ke2 Rb2+ 30. Kd1 Qxf2 31. Qd8+ Bf8 0-1